000 01408nab a22002417a 4500
999 _c5508
_d5508
003 OSt
005 20251210104419.0
008 190604e xxu||||| |||| 00| 0 spa d
040 _cPJ
100 _96435
_aGaray, Oscar Ernesto
245 1 3 _aLa historia clínica tradicional (HC manuscrita) /
_cOscar Ernesto Garay.
260 _aCiudad Autónoma de Buenos Aires :
_bThomson Reuters La Ley,
_c2025.
300 _ap. 5-12
500 _aCita Online: TR LALEY AR/DOC/1928/2025.
505 _aSumario: I. La historia clínica (tradicional o manuscrita —en soporte papel—).— II. Historia clínica y ética médica.— III. La regulación de la historia clínica en la ley 26.529.— IV. Historia clínica. Definición.— V. Contenido.— VI. Historia clínica. Características.— VII. Titular de la historia clínica.— VIII. Requerimiento de copia de la HC por el titular. Autorizados.— IX. Copia de resguardo .— X. Habeas data.— XI. Soporte de la historia clínica.
505 _t¿Te interesa el texto completo? Solicitalo al correo: koha@justierradelfuego.gov.ar
650 0 _9352
_aDERECHO CIVIL
650 0 _95407
_aHISTORIA CLÍNICA
650 0 _91467
_aRESPONSABILIDAD CIVIL
650 0 _9252
_aÉTICA
773 0 _02714
_93171
_dCiudad Autónoma de Buenos Aires : Thomson Reuters La Ley, 2014-
_tRevista anales de legislación argentina. Nº 9 - Septiembre 2025.
942 _2udc
_cANA